| 000 | 00670nam a2200229 a 4500 | ||
|---|---|---|---|
| 999 |
_c1231 _d1231 |
||
| 008 | 191212t2012 ii a|||g |||| 001 0 eng d | ||
| 020 |
_a9788132110378 _cRs. 595.00 |
||
| 040 |
_aKO _beng |
||
| 041 | 0 | _aeng | |
| 044 | _aii | ||
| 082 | 0 | 4 |
_223 _a658.4012 _bP6861 |
| 100 | 1 | _aPitt, Martyn | |
| 245 | 1 | 0 |
_aEssentials of Strategic Management / _cMartyn Pitt and Dimotrios Koufopoulos |
| 260 |
_aNew Delhi : _bSAGE Publications India Pvt Ltd , _c2012. |
||
| 300 |
_axviii, 451 p. : _bill. ; _c24 cm. |
||
| 504 | _aIncludes Index. | ||
| 650 | 0 |
_aStrategic planning _vTextbooks |
|
| 700 |
_aKoufopoulos, Dimotrios _eaut |
||
| 904 | _aA_BOSE | ||
| 942 | _cBK | ||